[Event "Goglidze Memorial"]
[Site "Tbilisi"]
[Date "1983.??.??"]
[Round "?"]
[White "Nogueiras Santiago, Jesus"]
[Black "Ubilava, Elizbar"]
[Result "0-1"]
[WhiteElo "2490"]
[BlackElo "2445"]
[PlyCount "98"]
[EventDate "1983.08.??"]
[EventType "tourn"]
[EventRounds "15"]
[EventCountry "URS"]
[EventCategory "8"]
[SourceTitle "MCL"]
[Source "ChessBase"]
[SourceDate "1999.07.01"]
[SourceVersion "1"]
[SourceVersionDate "1999.07.01"]
[SourceQuality "1"]

1. d4 d5 2. c4 e6 3. Nc3 Be7 4. Nf3 Nf6 5. Bg5 Nbd7 6. e3 h6 7. Bh4 O-O 8. Bd3
dxc4 9. Bxc4 a6 10. a4 c5 11. O-O cxd4 12. exd4 Nb6 13. Bb3 Bd7 14. Ne5 Bc6 15.
Nxc6 bxc6 16. Rc1 Nbd5 17. Nxd5 Nxd5 18. Bxe7 Nxe7 19. Rc4 Qb6 20. Bc2 Rfd8 21.
b3 Rd6 22. Qd3 g6 23. Qe3 h5 24. h3 Rad8 25. Rd1 R8d7 26. g4 hxg4 27. hxg4 Qd8
28. Kg2 Nd5 29. Qh6 Qf6 30. g5 Qg7 31. Qxg7+ Kxg7 32. Kf3 Ne7 33. Ke3 e5 34.
Ke4 Nf5 35. Kxe5 Rd5+ 36. Kf4 Nxd4 37. Kg4 c5 38. Rd3 a5 39. Rd1 Re7 40. Rd2
Ree5 41. f4 Re3 42. Rd3 Re1 43. Rdc3 Ne2 44. Rd3 Rg1+ 45. Kf3 Nd4+ 46. Ke4 Rf5
47. Rd1 Rg2 48. Bd3 Rg4 49. Rxc5 Rxc5 0-1

[Event "URS-ch51 Otborochny"]
[Site "Minsk"]
[Date "1983.09.??"]
[Round "?"]
[White "Ubilava, Elizbar"]
[Black "Grigorian, Karen Ashotovich"]
[Result "1-0"]
[WhiteElo "2445"]
[BlackElo "2425"]
[PlyCount "83"]
[EventDate "1983.09.??"]
[EventType "tourn"]
[EventRounds "17"]
[EventCountry "URS"]
[EventCategory "8"]
[SourceTitle "MCD"]
[Source "ChessBase"]
[SourceDate "1999.07.01"]
[SourceVersion "1"]
[SourceVersionDate "1999.07.01"]
[SourceQuality "1"]

1. d4 Nf6 2. c4 c5 3. d5 b5 4. Nf3 Bb7 5. Qb3 Qb6 6. Nc3 b4 7. Na4 Qc7 8. Qc2
d6 9. a3 g6 10. axb4 cxb4 11. e4 Nbd7 12. Bf4 Bg7 13. c5 Nxc5 14. Nxc5 Qxc5 15.
Qa4+ Kf8 16. Rc1 Qb6 17. Be3 Qd8 18. Qxb4 Bxd5 19. exd5 Nxd5 20. Qd2 Nxe3 21.
fxe3 Rc8 22. Bc4 Bf6 23. O-O Kg7 24. b3 Qb6 25. Kh1 Rc5 26. e4 Rhc8 27. Rcd1 h5
28. Ne1 Rxc4 29. bxc4 Rxc4 30. Qd5 Rc5 31. Qa8 Qa6 32. Nf3 Rc2 33. Qd5 Rc5 34.
Qd3 Qc8 35. Qe3 Qa6 36. h3 Rc2 37. Rf2 Rc3 38. Qd2 Qc4 39. Qd5 Qc7 40. Ng5 Rc1
41. Qxf7+ Kh6 42. Rdf1 1-0

[Event "URS-ch51 First League"]
[Site "Tallinn"]
[Date "1983.12.??"]
[Round "?"]
[White "Ubilava, Elizbar"]
[Black "Petrushin, Alexander I"]
[Result "1-0"]
[WhiteElo "2445"]
[BlackElo "2415"]
[PlyCount "80"]
[EventDate "1983.12.??"]
[EventType "tourn"]
[EventRounds "17"]
[EventCountry "URS"]
[EventCategory "9"]
[SourceTitle "MCL"]
[Source "ChessBase"]
[SourceDate "1999.07.01"]
[SourceVersion "1"]
[SourceVersionDate "1999.07.01"]
[SourceQuality "1"]

1. d4 Nf6 2. c4 g6 3. Nc3 Bg7 4. e4 d6 5. Be2 O-O 6. Bg5 c5 7. dxc5 Qa5 8. Bd2
Qxc5 9. Nf3 Nc6 10. O-O Ne5 11. b3 Nxf3+ 12. Bxf3 Be6 13. Rc1 Nd7 14. Be3 Qa5
15. Qd2 a6 16. Be2 Nc5 17. f3 Rfc8 18. Rc2 b5 19. Rb1 Qb4 20. Nd5 Qxd2 21. Bxd2
Bxd5 22. cxd5 Nd7 23. Rbc1 Bd4+ 24. Kf1 Rxc2 25. Rxc2 Kf8 26. Rc6 Bb6 27. a4
bxa4 28. bxa4 a5 29. Bb5 Bd8 30. Ke2 f6 31. Be3 Kf7 32. Bd4 g5 33. g3 Ne5 34.
Rc1 Rb8 35. f4 gxf4 36. gxf4 Ng6 37. Ke3 Kf8 38. Kf3 Kf7 39. Be3 Kg7 40. Kg4
Kf7 1-0

[Event "URS-chT Cup 13th"]
[Site "Kiev"]
[Date "1984.05.18"]
[Round "3"]
[White "Ubilava, Elizbar"]
[Black "Vladimirov, Yevgeniy"]
[Result "1-0"]
[WhiteElo "2470"]
[BlackElo "2490"]
[PlyCount "107"]
[EventDate "1984.05.14"]
[EventType "team-tourn"]
[EventRounds "7"]
[EventCountry "URS"]
[SourceTitle "EXT 2020"]
[Source "ChessBase"]
[SourceDate "2019.10.17"]
[SourceVersion "1"]
[SourceVersionDate "2019.10.17"]
[SourceQuality "1"]
[WhiteTeam "Dinamo"]
[BlackTeam "Soviet Army"]
[WhiteTeamCountry "URS"]
[BlackTeamCountry "URS"]

1. d4 d5 2. c4 e6 3. Nf3 Nf6 4. Nc3 Be7 5. Bg5 h6 6. Bh4 O-O 7. e3 b6 8. Qb3
Bb7 9. Bxf6 Bxf6 10. cxd5 exd5 11. Rd1 Re8 12. a3 c6 13. Bd3 Nd7 14. O-O Nf8
15. Bb1 g6 16. Qa2 Bg7 17. Rfe1 Qd6 18. b4 Rad8 19. Bc2 c5 20. dxc5 bxc5 21.
Ne4 Rxe4 22. Bxe4 cxb4 23. axb4 Bc3 24. Rf1 Bxb4 25. Qxa7 Qe7 26. Bd3 d4 27.
Nxd4 Bc5 28. Qa2 Bxd4 29. exd4 Ne6 30. Rfe1 Rxd4 31. Qa7 Rd7 32. Be4 Bd5 33.
Qb8+ Rd8 34. Qe5 Bb3 35. Rxd8+ Qxd8 36. Ra1 Kh7 37. h3 Qd4 38. Qxd4 Nxd4 39.
Ra5 Be6 40. Rc5 Kg7 41. Bd3 h5 42. h4 Nf5 43. Bxf5 Bxf5 44. Kf1 Be6 45. Ke2 Ba2
46. Ke3 Be6 47. Ke4 Ba2 48. Ke5 Be6 49. Rc3 Bg4 50. Kd6 Be2 51. Ke7 Bf1 52. g3
Bg2 53. Rc4 Bd5 54. Rf4 1-0

[Event "URS-ch52 Otborochny"]
[Site "Barnaul"]
[Date "1984.08.??"]
[Round "?"]
[White "Ubilava, Elizbar"]
[Black "Petrushin, Alexander I"]
[Result "1-0"]
[WhiteElo "2470"]
[BlackElo "2420"]
[PlyCount "82"]
[EventDate "1984.08.??"]
[EventType "tourn"]
[EventRounds "17"]
[EventCountry "URS"]
[EventCategory "6"]
[SourceTitle "MCD"]
[Source "ChessBase"]
[SourceDate "1999.07.01"]
[SourceVersion "1"]
[SourceVersionDate "1999.07.01"]
[SourceQuality "1"]

1. d4 Nf6 2. c4 g6 3. Nc3 Bg7 4. e4 d6 5. Be2 O-O 6. Bg5 c5 7. dxc5 Qa5 8. Bd2
Qxc5 9. Nf3 Bg4 10. Be3 Qa5 11. O-O Nc6 12. Rc1 Rfc8 13. Nd2 Bxe2 14. Qxe2 Qh5
15. f3 Nd7 16. Nb3 a5 17. Na4 b6 18. Rfd1 Rab8 19. Rd5 Be5 20. g4 Qh3 21. Rb5
Bxh2+ 22. Qxh2 Qxf3 23. Qf4 Qe2 24. Nd2 Nce5 25. Nc3 Qxg4+ 26. Qxg4 Nxg4 27.
Bd4 e6 28. Na4 Rc6 29. Kg2 Nc5 30. Bxc5 dxc5 31. Nf3 f6 32. Rc3 f5 33. exf5
exf5 34. Rcb3 Re8 35. Nxb6 Ne3+ 36. Kf2 Nd1+ 37. Kg3 Re4 38. Nd2 Re2 39. Nd5
Kg7 40. Nf3 a4 41. Ra3 Nxb2 1-0

[Event "Primorsko"]
[Site "Primorsko"]
[Date "1985.05.??"]
[Round "?"]
[White "Poloch, Petr"]
[Black "Ubilava, Elizbar"]
[Result "0-1"]
[WhiteElo "2375"]
[BlackElo "2465"]
[PlyCount "54"]
[EventDate "1985.05.??"]
[EventType "tourn"]
[EventRounds "11"]
[EventCountry "BUL"]
[SourceTitle "EXT 2015"]
[Source "ChessBase"]
[SourceDate "2014.11.20"]
[SourceVersion "1"]
[SourceVersionDate "2014.11.20"]
[SourceQuality "1"]

1. e4 c5 2. c3 d6 3. d4 Nf6 4. Nd2 cxd4 5. cxd4 g6 6. Ngf3 Bg7 7. Bd3 O-O 8.
O-O e5 9. dxe5 dxe5 10. Nxe5 Ng4 11. Nxg4 Qxd3 12. Qf3 Qxf3 13. gxf3 Nc6 14.
Rb1 Be6 15. b3 f5 16. Ne3 Rad8 17. Ndc4 b5 18. Na3 Ne5 19. Kg2 fxe4 20. fxe4
Rf3 21. Rd1 Rdf8 22. Rb2 Nd3 23. Rbd2 Bh3+ 24. Kg1 Nxf2 25. Re1 Ng4 26. Rdd1
Nxe3 27. Bxe3 Bc3 0-1

[Event "Primorsko"]
[Site "Primorsko"]
[Date "1985.05.??"]
[Round "?"]
[White "Ubilava, Elizbar"]
[Black "Nikolov, Sasho"]
[Result "1-0"]
[WhiteElo "2465"]
[BlackElo "2315"]
[PlyCount "81"]
[EventDate "1985.05.??"]
[EventType "tourn"]
[EventRounds "11"]
[EventCountry "BUL"]
[SourceTitle "EXT 2015"]
[Source "ChessBase"]
[SourceDate "2014.11.20"]
[SourceVersion "1"]
[SourceVersionDate "2014.11.20"]
[SourceQuality "1"]

1. d4 Nf6 2. c4 e6 3. Nf3 d5 4. Bg5 Be7 5. e3 O-O 6. Nc3 h6 7. Bh4 b6 8. Rc1
Bb7 9. Be2 dxc4 10. Bxc4 Nbd7 11. O-O c5 12. Qe2 Ne4 13. Bg3 Nxg3 14. hxg3 a6
15. a4 Ra7 16. Rfd1 Qb8 17. d5 exd5 18. Nxd5 Bd8 19. Nf4 Bc8 20. e4 Bf6 {#} 21.
e5 Nxe5 22. Nxe5 Qxe5 23. Qxe5 Bxe5 24. Ng6 Bxb2 25. Rb1 Bf5 26. Nxf8 Bxb1 27.
Rxb1 b5 28. axb5 axb5 29. Bxb5 Bd4 30. Nd7 g6 31. Re1 Rb7 32. Re8+ Kg7 33. Rb8
Ra7 34. Kh2 Bxf2 35. Ne5 Ra3 36. Nd3 Bd4 37. Rb7 Rc3 38. Nf4 Be5 39. Be8 h5 40.
Bxf7 h4 41. Bxg6+ 1-0

[Event "Trencianske Teplice"]
[Site "Trencianske Teplice"]
[Date "1985.??.??"]
[Round "12"]
[White "Pecorelli Garcia, Humberto"]
[Black "Ubilava, Elizbar"]
[Result "0-1"]
[WhiteElo "2435"]
[BlackElo "2465"]
[PlyCount "108"]
[EventDate "1985.11.??"]
[EventType "tourn"]
[EventRounds "15"]
[EventCountry "CZE"]
[EventCategory "9"]
[SourceTitle "MCL"]
[Source "ChessBase"]
[SourceDate "1999.07.01"]
[SourceVersion "1"]
[SourceVersionDate "1999.07.01"]
[SourceQuality "1"]

1. d4 Nf6 2. Nf3 d6 3. Nc3 Bg4 4. e4 Nbd7 5. Be2 e5 6. O-O Be7 7. Be3 Bxf3 8.
Bxf3 c6 9. a4 a5 10. Be2 O-O 11. Kh1 Qb8 12. f4 Bd8 13. Qd2 Bb6 14. Rad1 Qa7
15. Bg1 Rfe8 16. Bf3 Nf8 17. f5 exd4 18. Bxd4 N8d7 19. Bxb6 Qxb6 20. b3 Qc5 21.
Ne2 Nxe4 22. Bxe4 Rxe4 23. Ng3 Re5 24. Qxd6 Qxd6 25. Rxd6 Nf6 26. Rfd1 h5 27.
R6d4 Rae8 28. h3 Kh7 29. Kg1 Kh6 30. Rd8 h4 31. Rxe8 Rxe8 32. Nf1 Kg5 33. Rd4
Re4 34. Rd8 Kxf5 35. Rb8 Re7 36. Ra8 b6 37. Rb8 Nd5 38. Kf2 Kf4 39. g3+ hxg3+
40. Nxg3 g6 41. Ne2+ Ke5 42. c4 Nb4 43. Rxb6 Ke4 44. Rb8 Nd3+ 45. Kg3 Ke3 46.
Ng1 f5 47. Ra8 f4+ 48. Kg2 Ne5 49. Rxa5 f3+ 50. Nxf3 Nxf3 51. Ra8 Re5 52. h4
Nxh4+ 53. Kh3 Nf3 54. a5 Rh5+ 0-1

[Event "URS-ch sf"]
[Site "Sevastopol"]
[Date "1986.??.??"]
[Round "?"]
[White "Aseev, Konstantin N"]
[Black "Ubilava, Elizbar"]
[Result "0-1"]
[WhiteElo "2440"]
[BlackElo "2515"]
[PlyCount "80"]
[EventDate "1986.08.??"]
[EventType "swiss"]
[EventRounds "11"]
[EventCountry "URS"]
[SourceTitle "EXT 1998"]
[Source "ChessBase"]
[SourceDate "1997.11.17"]
[SourceVersion "1"]
[SourceVersionDate "1997.11.17"]
[SourceQuality "1"]

1. d4 d5 2. c4 e6 3. Nc3 Be7 4. Nf3 Nf6 5. Bg5 Nbd7 6. e3 O-O 7. Rc1 dxc4 8.
Bxc4 a6 9. a4 c5 10. O-O cxd4 11. exd4 Nb6 12. Bb3 Bd7 13. Ne5 Bc6 14. Qd3 Nbd5
15. Rcd1 Nb4 16. Qh3 Bd5 17. Nxd5 Nfxd5 18. Bd2 Qd6 19. Rfe1 Rad8 20. Kh1 Bf6
21. Qf3 Qb6 22. Bc1 Nc6 23. Nxf7 Kxf7 24. Rxe6 Kxe6 25. Qe4+ Kd7 26. Bxd5 Rde8
27. Qg4+ Kd8 28. h3 Re7 29. Be3 Rfe8 30. Bf3 Rxe3 31. fxe3 Rxe3 32. Qf4 Re7 33.
Rc1 Qc7 34. Qd2 Qa5 35. Qf2 Bxd4 36. Qg3 Qe5 37. Qh4 Be3 38. Rc2 Kc7 39. b4 Bf4
40. b5 Bg3 0-1

[Event "Goglidze Memorial"]
[Site "Tbilisi"]
[Date "1986.??.??"]
[Round "?"]
[White "Gurgenidze, Bukhuti"]
[Black "Ubilava, Elizbar"]
[Result "0-1"]
[WhiteElo "2440"]
[BlackElo "2515"]
[PlyCount "48"]
[EventDate "1986.11.17"]
[EventType "tourn"]
[EventRounds "15"]
[EventCountry "URS"]
[EventCategory "10"]
[SourceTitle "EXT 1998"]
[Source "ChessBase"]
[SourceDate "1997.11.17"]
[SourceVersion "1"]
[SourceVersionDate "1997.11.17"]
[SourceQuality "1"]

1. Nf3 c5 2. b3 d6 3. Bb2 e5 4. d3 Nc6 5. c4 f5 6. g3 Be7 7. Bg2 h5 8. Nbd2 h4
9. a3 g5 10. h3 hxg3 11. fxg3 g4 12. hxg4 Rxh1+ 13. Bxh1 fxg4 14. Ng1 Bg5 15.
Qc2 Nd4 16. Bxd4 exd4 17. O-O-O Nf6 18. Kb2 Qe7 19. Ne4 Nxe4 20. Bxe4 Be6 21.
Rf1 O-O-O 22. Bf5 Bxf5 23. Rxf5 Rf8 24. Rxf8+ Qxf8 0-1

[Event "Capablanca Memorial-A 22nd"]
[Site "Camaguey"]
[Date "1987.??.??"]
[Round "?"]
[White "Ubilava, Elizbar"]
[Black "Andonov, Bogomil"]
[Result "1-0"]
[WhiteElo "2495"]
[BlackElo "2450"]
[PlyCount "107"]
[EventDate "1987.05.20"]
[EventType "tourn"]
[EventRounds "13"]
[EventCountry "CUB"]
[EventCategory "10"]
[SourceTitle "CBM 005"]
[Source "ChessBase"]
[SourceDate "1988.08.01"]
[SourceVersion "1"]
[SourceVersionDate "1988.08.01"]
[SourceQuality "1"]

1. d4 Nf6 2. c4 a6 3. Nc3 c5 4. Nf3 cxd4 5. Nxd4 e6 6. g3 Qc7 7. Qd3 b6 8. Bg2
Bb7 9. Bxb7 Qxb7 10. O-O Nc6 11. Nxc6 dxc6 12. Bf4 Be7 13. Rad1 O-O 14. e4 Rfd8
15. Qe2 Rxd1 16. Rxd1 Rd8 17. Rxd8+ Bxd8 18. Bd6 Ne8 19. c5 Nxd6 20. cxd6 e5
21. Qh5 Qd7 22. Qxe5 Bf6 23. Qf4 Qe6 24. Qd2 g5 25. Qd3 g4 26. d7 Bd8 27. b3
Kf8 28. Nd1 Ke7 29. Ne3 Qxd7 30. Qxa6 Bc7 31. Qe2 h5 32. h3 gxh3 33. Nf5+ Kd8
34. Kh2 Kc8 35. Kxh3 Kb7 36. Qxh5 f6 37. Qe2 b5 38. a4 bxa4 39. bxa4 Bb6 40. f3
Ka7 41. Qc4 Qh7+ 42. Kg2 Qd7 43. Qc3 Ka6 44. Qxf6 c5 45. Nd6 Qxa4 46. Nc8 Qa2+
47. Kh3 Qb3 48. Qxb6+ Qxb6 49. Nxb6 Kxb6 50. Kg2 Ka5 51. Kf2 Kb4 52. Ke2 Kb3
53. e5 c4 54. e6 1-0

[Event "Capablanca Memorial-A 22nd"]
[Site "Camaguey"]
[Date "1987.??.??"]
[Round "?"]
[White "Ubilava, Elizbar"]
[Black "Hazai, Laszlo"]
[Result "1-0"]
[WhiteElo "2495"]
[BlackElo "2465"]
[PlyCount "107"]
[EventDate "1987.05.20"]
[EventType "tourn"]
[EventRounds "13"]
[EventCountry "CUB"]
[EventCategory "10"]
[SourceTitle "CBM 005"]
[Source "ChessBase"]
[SourceDate "1988.08.01"]
[SourceVersion "1"]
[SourceVersionDate "1988.08.01"]
[SourceQuality "1"]

1. d4 Nf6 2. c4 g6 3. Nc3 Bg7 4. e4 d6 5. Be2 O-O 6. Bg5 c5 7. dxc5 Qa5 8. Bd2
Qxc5 9. Nf3 Bg4 10. Be3 Qa5 11. O-O Nc6 12. Rc1 Nd7 13. a3 Rfc8 14. Nd2 Bxe2
15. Qxe2 a6 16. Rfd1 Qe5 17. Nb3 Qe6 18. f3 b5 19. Nd5 bxc4 20. Nd4 Nxd4 21.
Bxd4 Bxd4+ 22. Rxd4 Rab8 23. Rdxc4 Rxc4 24. Qxc4 Rxb2 25. Qc8+ Kg7 26. Qc3+ Qe5
27. Nxe7 Nf6 28. Qxe5 dxe5 29. Nc6 Nd7 30. Nb4 a5 31. Nc6 Rb5 32. a4 Rb7 33.
Rc4 Rb1+ 34. Kf2 Rb2+ 35. Kg3 Nb6 36. Rc5 Nxa4 37. Rxa5 Nc3 38. Nxe5 Ne2+ 39.
Kh4 Nf4 40. Ra7 Nxg2+ 41. Kg3 g5 42. Rxf7+ Kg8 43. Rd7 Ne3 44. h4 h6 45. Ng4
Nf1+ 46. Kh3 h5 47. Nf6+ Kf8 48. Nxh5 Rh2+ 49. Kg4 gxh4 50. Kf5 Ng3+ 51. Nxg3
hxg3 52. Rd1 Rf2 53. Kg4 g2 54. Rg1 1-0

[Event "Eforie Nord"]
[Site "Eforie Nord"]
[Date "1988.??.??"]
[Round "?"]
[White "Ubilava, Elizbar"]
[Black "Marin, Mihail"]
[Result "1-0"]
[WhiteElo "2495"]
[BlackElo "2490"]
[PlyCount "89"]
[EventDate "1988.??.??"]
[EventType "tourn"]
[EventRounds "11"]
[EventCountry "ROU"]
[SourceTitle "EXT 2002"]
[Source "ChessBase"]
[SourceDate "2001.11.25"]
[SourceVersion "1"]
[SourceVersionDate "2001.11.25"]
[SourceQuality "1"]

1. c4 g6 2. d4 Bg7 3. e4 d6 4. Nc3 Nd7 5. Nf3 e5 6. Be2 Ngf6 7. O-O O-O 8. Re1
c6 9. Bf1 exd4 10. Nxd4 Ng4 11. h3 Qb6 12. hxg4 Qxd4 13. Be3 Qe5 14. Qd2 Qe7
15. Rad1 Ne5 16. Qxd6 Qh4 17. Bf4 Nxg4 18. Bg3 Qg5 19. Qd2 Qh5 20. Ne2 Be5 21.
Bxe5 Nxe5 22. Ng3 Qh4 23. Be2 Be6 24. b3 a5 25. Qe3 a4 26. Nf1 axb3 27. axb3
Ra2 28. Nh2 Rfa8 29. f4 Ng4 30. Bxg4 Bxg4 31. Rd2 Ra1 32. Rf1 h5 33. Rdf2 Rxf1+
34. Rxf1 Ra2 35. Rf2 Ra1+ 36. Rf1 Ra3 37. f5 gxf5 38. exf5 Qf6 39. Nxg4 hxg4
40. Qf4 Rxb3 41. Qxg4+ Qg7 42. Qe4 c5 43. f6 Qg6 44. Rf5 Rb2 45. g4 1-0

[Event "Belgrade GMA op"]
[Site "Belgrade"]
[Date "1988.??.??"]
[Round "?"]
[White "Ubilava, Elizbar"]
[Black "Apicella, Manuel"]
[Result "1-0"]
[WhiteElo "2500"]
[BlackElo "2370"]
[PlyCount "77"]
[EventDate "1988.12.??"]
[EventType "swiss"]
[EventRounds "9"]
[EventCountry "YUG"]
[SourceTitle "TD"]
[Source "ChessBase"]
[SourceDate "1994.03.01"]
[SourceVersion "1"]
[SourceVersionDate "1994.03.01"]
[SourceQuality "1"]

1. g3 g6 2. Bg2 Bg7 3. c4 Nf6 4. e4 d6 5. d4 O-O 6. Ne2 e5 7. O-O exd4 8. Nxd4
Re8 9. Nc3 Nbd7 10. b3 Nc5 11. f3 a5 12. Be3 c6 13. Qc2 Qe7 14. Rfe1 h5 15.
Rad1 h4 16. Qd2 hxg3 17. hxg3 Nfd7 18. Nde2 Bf8 19. Bg5 f6 20. Bh6 Rd8 21. Be3
Re8 22. Bh6 Rd8 23. Bxf8 Nxf8 24. Kf2 Be6 25. Nd4 Bd7 26. Rh1 Qg7 27. Rh2 Nce6
28. Rdh1 f5 29. Nde2 fxe4 30. Nxe4 d5 31. cxd5 cxd5 32. Qxd5 Bc6 33. Rh8+ Qxh8
34. Rxh8+ Kxh8 35. Qe5+ Ng7 36. Nd6 Kg8 37. Bh3 Bd7 38. Bxd7 Rxd7 39. Ne4 1-0

[Event "Belgrade GMA op"]
[Site "Belgrade"]
[Date "1988.??.??"]
[Round "?"]
[White "Zakic, Srdjan"]
[Black "Ubilava, Elizbar"]
[Result "0-1"]
[WhiteElo "2360"]
[BlackElo "2500"]
[PlyCount "90"]
[EventDate "1988.12.??"]
[EventType "swiss"]
[EventRounds "9"]
[EventCountry "YUG"]
[SourceTitle "TD"]
[Source "ChessBase"]
[SourceDate "1994.03.01"]
[SourceVersion "1"]
[SourceVersionDate "1994.03.01"]
[SourceQuality "1"]

1. e4 c5 2. Nf3 d6 3. d4 cxd4 4. Nxd4 Nf6 5. Nc3 a6 6. Bc4 e6 7. Bb3 b5 8. a3
Bb7 9. O-O Nbd7 10. Re1 Nc5 11. Bd5 Qc7 12. Bg5 Be7 13. Bxf6 Bxf6 14. b4 exd5
15. Nxd5 Bxd5 16. exd5+ Kf8 17. bxc5 dxc5 18. d6 Qd7 19. Qf3 Re8 20. Qc6 Rd8
21. Qxc5 Qxd6 22. Qxd6+ Rxd6 23. Nf5 Rc6 24. Rad1 g6 25. Rd6 Rxd6 26. Nxd6 Be7
27. Rd1 Kg7 28. c4 bxc4 29. Nxc4 Rc8 30. Ne3 Bxa3 31. Ra1 Rc1+ 32. Rxc1 Bxc1
33. Nc4 Kf6 34. Kf1 Ke6 35. Ke2 Kd5 36. Kd3 Bf4 37. h3 Bc7 38. g4 a5 39. Ne3+
Kc5 40. h4 a4 41. g5 Bf4 42. Ng4 Kb4 43. Kc2 a3 44. Nf6 Be5 45. Nd5+ Kc5 0-1

[Event "Budapest Spring op 05th"]
[Site "Budapest"]
[Date "1989.??.??"]
[Round "?"]
[White "Ubilava, Elizbar"]
[Black "Vujosevic, Vladimir"]
[Result "1-0"]
[WhiteElo "2515"]
[BlackElo "2365"]
[PlyCount "61"]
[EventDate "1989.03.18"]
[EventType "swiss"]
[EventRounds "9"]
[EventCountry "HUN"]
[SourceTitle "TD"]
[Source "ChessBase"]
[SourceDate "1994.03.01"]
[SourceVersion "1"]
[SourceVersionDate "1994.03.01"]
[SourceQuality "1"]

1. d4 Nf6 2. c4 e6 3. Nc3 d5 4. cxd5 exd5 5. Bg5 Be7 6. e3 O-O 7. Qc2 Nbd7 8.
Bd3 b6 9. Nge2 Bb7 10. O-O c5 11. Bf5 c4 12. b3 a6 13. a4 h6 14. Bh4 Bc6 15.
bxc4 dxc4 16. Rab1 Ra7 17. e4 g6 18. Bxd7 Bxd7 19. Rb2 Rb7 20. e5 Bf5 21. Qc1
Nd5 22. Nxd5 Qxd5 23. Bxe7 Rxe7 24. Rxb6 Bd3 25. Rd6 Qxd6 26. exd6 Rxe2 27. Re1
Rxe1+ 28. Qxe1 Bf5 29. g4 Bxg4 30. Qe7 c3 31. d7 1-0

[Event "Alma-Ata"]
[Site "Almaty"]
[Date "1989.??.??"]
[Round "1"]
[White "Ubilava, Elizbar"]
[Black "Douven, Rudy C"]
[Result "1-0"]
[WhiteElo "2515"]
[BlackElo "2445"]
[PlyCount "71"]
[EventDate "1989.06.??"]
[EventType "tourn"]
[EventRounds "15"]
[EventCountry "URS"]
[EventCategory "8"]
[SourceTitle "EXT 1997"]
[Source "ChessBase"]
[SourceDate "1996.11.15"]
[SourceVersion "1"]
[SourceVersionDate "1996.11.15"]
[SourceQuality "1"]

1. c4 Nf6 2. Nc3 e5 3. Nf3 Nc6 4. g3 Bb4 5. Bg2 O-O 6. O-O e4 7. Nh4 Bxc3 8.
bxc3 Re8 9. f3 exf3 10. Nxf3 d5 11. cxd5 Qxd5 12. Nd4 Qh5 13. Nxc6 bxc6 14. e3
Bg4 15. Qa4 Re6 16. Rb1 Be2 17. Rf4 Bd3 18. Bf3 Qe5 19. Bxc6 Rd8 20. Rbb4 g5
21. Rf2 h5 22. Rd4 Rxd4 23. cxd4 Qd6 24. Bb5 Bxb5 25. Qxb5 Ne4 26. Rf5 Qc6 27.
Qf1 Rf6 28. Rxf6 Nxf6 29. d3 Qc2 30. Qxf6 Qxc1+ 31. Kf2 g4 32. Qg5+ Kf8 33.
Qc5+ Qxc5 34. dxc5 Ke7 35. d4 f5 36. e4 1-0

[Event "Alma-Ata"]
[Site "Almaty"]
[Date "1989.??.??"]
[Round "8"]
[White "Ubilava, Elizbar"]
[Black "Kuczynski, Robert"]
[Result "1-0"]
[WhiteElo "2515"]
[BlackElo "2450"]
[PlyCount "51"]
[EventDate "1989.06.??"]
[EventType "tourn"]
[EventRounds "15"]
[EventCountry "URS"]
[EventCategory "8"]
[SourceTitle "EXT 1997"]
[Source "ChessBase"]
[SourceDate "1996.11.15"]
[SourceVersion "1"]
[SourceVersionDate "1996.11.15"]
[SourceQuality "1"]

1. g3 g6 2. e4 c5 3. Bg2 Bg7 4. f4 d6 5. Nf3 Nc6 6. d3 e6 7. c3 Nge7 8. O-O O-O
9. Be3 f5 10. Nbd2 b6 11. Re1 Qd7 12. Bf2 Bb7 13. exf5 gxf5 14. Qe2 Nd8 15. d4
cxd4 16. Bxd4 Bxd4+ 17. Nxd4 Bxg2 18. Qxg2 Rc8 19. Re2 Nec6 20. N2f3 Nxd4 21.
Nxd4 Rf6 22. Rae1 Rc7 23. Re3 Qe8 24. Qd5 Rd7 25. Nxe6 Qf7 26. Qa8 1-0

[Event "Alma-Ata"]
[Site "Almaty"]
[Date "1989.??.??"]
[Round "10"]
[White "Ubilava, Elizbar"]
[Black "Ilincic, Zlatko"]
[Result "1-0"]
[WhiteElo "2515"]
[BlackElo "2430"]
[PlyCount "85"]
[EventDate "1989.06.??"]
[EventType "tourn"]
[EventRounds "15"]
[EventCountry "URS"]
[EventCategory "8"]
[SourceTitle "EXT 1997"]
[Source "ChessBase"]
[SourceDate "1996.11.15"]
[SourceVersion "1"]
[SourceVersionDate "1996.11.15"]
[SourceQuality "1"]

1. c4 Nf6 2. Nc3 g6 3. e4 d6 4. d4 Bg7 5. Be2 O-O 6. Bg5 h6 7. Be3 e5 8. d5 a6
9. h3 c5 10. Nf3 Ne8 11. g4 f5 12. gxf5 gxf5 13. a4 b6 14. Qc2 Ra7 15. exf5
Bxf5 16. Ne4 Nf6 17. Nfd2 Nxe4 18. Nxe4 Qh4 19. Bd3 Bxe4 20. Bxe4 Bf6 21. O-O-O
Bg5 22. Rhg1 Rg7 23. Bf5 Kh8 24. Kb1 Bxe3 25. Rxg7 Kxg7 26. fxe3 Qg5 27. e4 Kh8
28. Qb3 Qd8 29. Rg1 Rg8 30. Rxg8+ Kxg8 31. a5 b5 32. Qg3+ Qg5 33. Qxg5+ hxg5
34. cxb5 axb5 35. Bc8 Kf7 36. a6 Nxa6 37. Bxa6 Kg6 38. Bxb5 Kh5 39. Bd7 Kh4 40.
Kc2 Kg3 41. Kc3 Kf4 42. Bf5 Ke3 43. b4 1-0

[Event "Alma-Ata"]
[Site "Almaty"]
[Date "1989.??.??"]
[Round "12"]
[White "Ubilava, Elizbar"]
[Black "Vladimirov, Yevgeniy"]
[Result "1-0"]
[WhiteElo "2515"]
[BlackElo "2550"]
[PlyCount "105"]
[EventDate "1989.06.??"]
[EventType "tourn"]
[EventRounds "15"]
[EventCountry "URS"]
[EventCategory "8"]
[SourceTitle "EXT 1997"]
[Source "ChessBase"]
[SourceDate "1996.11.15"]
[SourceVersion "1"]
[SourceVersionDate "1996.11.15"]
[SourceQuality "1"]

1. c4 e5 2. d3 Ne7 3. Nc3 d6 4. g3 g6 5. Bg5 Nd7 6. Qa4 f5 7. c5 Kf7 8. cxd6
cxd6 9. d4 Nb6 10. Qd1 h6 11. Bxe7 Qxe7 12. e3 Bg7 13. Qb3+ Be6 14. d5 Bd7 15.
a4 Rab8 16. Nf3 Rhc8 17. e4 Rc5 18. Bd3 Rbc8 19. Nd2 Qd8 20. a5 Na8 21. Qb4 b5
22. axb6 a5 23. Rxa5 Rxa5 24. Qxa5 Qxb6 25. Qxb6 Nxb6 26. Ke2 h5 27. Ra1 Bh6
28. Ra7 Ke8 29. Nb5 Bxb5 30. Bxb5+ Kf8 31. Bc6 Bxd2 32. Kxd2 fxe4 33. b3 Rb8
34. Ke3 Nc8 35. Rb7 Rxb7 36. Bxb7 Nb6 37. Bc6 Ke7 38. Kxe4 Kf6 39. h4 Ke7 40.
f3 Kf6 41. b4 Nc4 42. Bd7 Nb6 43. Be6 g5 44. Kd3 gxh4 45. gxh4 Ke7 46. b5 Kd8
47. Ke4 Nc4 48. Bf7 Nd2+ 49. Ke3 Nb3 50. b6 Nd4 51. Be6 Nb3 52. Kd3 Nd4 53. Kc4
1-0